Quiz on the Year 1999 - Statistics

General Stats
  • This quiz has been taken 33 times
  • The average score is 6 of 20
Answer Stats
Hint Answer % Correct
This president's impeachment trial begins in the U.S. Senate Bill Clinton
93%
The _______ Canal is formally handed over from the United States to: Panama
90%
The world’s total ________ surpasses 6 billion Population
83%
NATO begins bombing _________ during the Kosovo War Yugoslavia
72%
John F. Kennedy Jr., Carolyn Bessette, and Lauren Bessette die in: A {Plane} Crash
69%
This country votes for independence from Indonesia, triggering violence East Timor
59%
Early-tech flaw where computers represented years with two digits Y2K
52%
Currency introduced as a non-cash, electronic currency Euro
31%
Gunmen attack a Shia mosque in this capital city, killing 16 people Islamabad
17%
A powerful earthquake in this country kills about 13,000 people. Turkey
17%
The U.S. Navy accidentally bombs the Chinese embassy in this city Belgrade
14%
This king of Jordan dies and Abdullah II becomes king. King {Hussein}
10%
The London ___ bombings kill 3 and injure over 100 people Nail
7%
The first Blackberry device, the ___ was introduced 850
3%
Israel detains and later expels 14 members of: {Concerned} Christians
3%
The ______ computer virus spreads globally, causing massive email disruptions Melissa
3%
NASA launches the Mars _____ Lander, which later fails during descent Polar
3%
The _____ War erupts between India and Pakistan. Kargil
0%
The ______ earthquake (7.6 magnitude) kills more than 2,400 people Taiwan
0%
The ______ tragedy in Venezuela kills between 10,000–30,000 people Vargas
0%
No matching quizzes found
Score Distribution
Percent of People with Each Score
Percentile by Number Answered
Your Score History
You have not taken this quiz